Gares de la Loire Atlantique - Statistiques

Statistiques générales
  • Ce quiz a été pris 237 fois
  • Le résultat moyen est 26 sur 58
Statistiques - réponses
Nombre de voyageurs Gares % Correct
17 082 588 Nantes
100%
1 254 867 Saint Nazaire
94%
219 264 Pornic
92%
144 558 Le Croisic
87%
787 338 Savenay
82%
1 150 015 Ancenis
79%
170 704 Châteaubriant
77%
1 095 662 Clisson
73%
223 977 Sainte Pazanne
73%
570 861 La Baule Escoublac
71%
197 348 Pornichet
69%
115 430 Le Pouliguen
56%
37 530 Saint Sébastien Frêne Rond
56%
46 149 Saint Sébastien Pas Enchantés
56%
109 672 Vertou
54%
34 686 La Basse Indre - Saint Herblain
53%
390 785 Nort sur Erdre
53%
66 646 Couëron
52%
202 706 Pontchâteau
52%
32 028 Batz sur Mer
51%
190 164 Sucé sur Erdre
51%
26 802 Donges
49%
48 996 Montoir de Bretagne
44%
138 177 Oudon
44%
40 000 La Baule les Pins
43%
111 610 Machecoul
43%
59 405 Bouaye
42%
40 253 Mauves sur Loire
42%
59 014 Thouaré
39%
54 655 Chantenay
38%
77 857 Le Cellier
37%
164 786 Saint Etienne de Montluc
37%
54 058 Cordemais
35%
86 385 Gorges
35%
267 132 Le Pallet
35%
67 201 Port Saint Père - Saint Mars
34%
167 174 La Haie Fouassière
31%
213 334 Rezé Pont Rousseau
31%
54 862 Abbaretz
30%
29 195 Issé
30%
55 080 La Bernerie en Retz
30%
61 788 Babinière
28%
33 727 Les Moutiers en Retz
28%
50 768 Erdre Active
27%
36 734 La Chapelle Centre
27%
40 376 Saint Gildas des Bois
26%
120 948 Varades - Saint Florent le Viel
25%
9 969 Drefféac
24%
35 538 La Chapelle Aulnay
24%
74 474 Penhoët
24%
125 764 Haluchère-Batignolles
23%
20 088 Sévérac
23%
28 757 Saint Hilaire de Chaléons
22%
26 345 Bourgneuf en Retz
21%
8 675 La Croix de Méan
20%
44 026 Boussay - La Bruffière
19%
10 345 Massérac
17%
52 652 Beslé
13%
Aucun quiz correspondant
Distribution des résultats
% des personnes avec chaque résultat
Percentile par nombre de réponses
Votre historique - résultats
Vous n’avez pas pris ce quiz